[Event "40th Olympiad Open"]
[Site "Istanbul TUR"]
[Date "2012.09.03"]
[Round "6.23"]
[White "Danielsen,Hen"]
[Black "Shengelia,D"]
[Result "1/2-1/2"]
[WhiteElo "2511"]
[BlackElo "2545"]

1.Nf3 d5 2.g3 Nf6 3.Bg2 c6 4.O-O Bg4 5.c4 e6 6.cxd5 exd5 7.d3 Nbd7 8.Nc3 Bd6
9.Qc2 O-O 10.e4 dxe4 11.dxe4 Re8 12.h3 Bxf3 13.Bxf3 Qe7 14.Bg2 Be5 15.Bd2 Rad8
16.Rae1 Nc5 17.f4 Bd4+ 18.Kh2 Nd3 19.Re2 Qc5 20.Bf3 b5 21.Kg2 Nb4 22.Qb3 a5
23.e5 Nfd5 24.Nxd5 Nxd5 25.Bxa5 Ne3+ 26.Rxe3 Bxe3 27.Bxd8 Rxd8 28.Rd1 Rxd1
29.Qxd1 Bd4 30.Qe2 Qc1 31.h4 Qxb2 32.Qxb2 Bxb2 33.Bxc6 b4 34.h5 Kf8 35.Kf3 Ke7
36.Bd5 Bc3 37.Ke4 h6 38.g4 Bd2 39.Bb3 Bc1 40.Kf5 f6 41.Bd5 Bd2 42.Ke4 Bc1
43.Bg8 Bd2 44.Bb3 Bc1 45.Bd1 Bd2 46.Be2 Bc1 47.Bc4 Bd2 48.e6 Bc1 49.Bd5 Bd2
50.Bb3 Bc1 51.f5 Bd2 52.Kd3 Bf4 53.Kc4 Bd2 54.Bd1 Be1 55.Bb3 Bd2 56.Bd1 Be1  1/2-1/2

[Event "40th Olympiad Open"]
[Site "Istanbul TUR"]
[Date "2012.09.03"]
[Round "6.36"]
[White "Valdes,Le"]
[Black "Beinoras,M"]
[Result "1-0"]
[WhiteElo "2366"]
[BlackElo "2346"]

1.Nf3 d5 2.g3 Nf6 3.c4 c6 4.Bg2 dxc4 5.O-O Nbd7 6.Qc2 Nb6 7.a4 a5 8.Na3 Be6
9.Ne5 Qd4 10.Nxc6 bxc6 11.Bxc6+ Bd7 12.Bxa8 Nxa8 13.Nxc4 Qd5 14.Qb3 Bh3 15.Qb5+ Qxb5
16.axb5 Nd5 17.Rxa5 Nab6 18.Nxb6 Nxb6 19.Rd1 Bc8 20.d3 e6 21.Be3 Bb4 22.Ra7 Nd5
23.Rc1 O-O 24.Bc5 Bxc5 25.Rxc5 Re8 26.e4 Nf6 27.Rac7 Bd7 28.e5 Bxb5 29.Rxb5 Ng4
30.h3 Nh6 31.Rcb7 Kf8 32.g4 Ng8 33.b4 Ne7 34.Ra5 Nc6 35.Rc5  1-0

[Event "40th Olympiad Women"]
[Site "Istanbul TUR"]
[Date "2012.09.03"]
[Round "6.6"]
[White "Skripchenko,A"]
[Black "Perena,C"]
[Result "0-1"]
[WhiteElo "2442"]
[BlackElo "2091"]

1.Nf3 d5 2.g3 Nf6 3.Bg2 e6 4.O-O Bd6 5.d3 O-O 6.Nbd2 e5 7.e4 c6 8.b3 Nbd7
9.Bb2 Re8 10.Qe2 Qc7 11.Nh4 Nc5 12.h3 dxe4 13.dxe4 b5 14.Rfd1 Bb7 15.Nf5 Bf8
16.Qe3 a5 17.Qg5 Kh8 18.Nh6 Bd6 19.Nf5 Bf8 20.a4 Ne6 21.Qe3 Bc5 22.Qf3 Rad8
23.c3 bxa4 24.Rxa4 Ba6 25.c4 Ng5 26.Qe2 g6 27.Ne3 Ne6 28.Nc2 Bc8 29.Kh2 Kg8
30.Raa1 Nd7 31.Nf3 f6 32.h4 Qb6 33.Bc3 Bb4 34.Nxb4 axb4 35.Bb2 Ndc5 36.Qe3 Rxd1
37.Rxd1 Rd8 38.Rxd8+ Qxd8 39.Bh3 Qd3 40.Bxe6+ Bxe6 41.Qxc5 Qxf3 42.Qe3 Qxe3
43.fxe3 c5 44.Kg2 Bg4 45.Kf2 Bd1 46.Ke1 Bxb3 47.g4 h6 48.g5 hxg5 49.hxg5 Kf7
50.gxf6 Kxf6 51.Bc1 Bxc4 52.Bd2 Bd3 53.Kf2 Bxe4 54.Kg3 Ke6  0-1

[Event "40th Olympiad Open"]
[Site "Istanbul TUR"]
[Date "2012.09.03"]
[Round "6.48"]
[White "Wynn Zaw Htun"]
[Black "Villegas,P"]
[Result "1-0"]
[WhiteElo "2398"]
[BlackElo "2249"]

1.Nf3 d5 2.g3 Bg4 3.Bg2 c6 4.d3 Nf6 5.Nbd2 Nbd7 6.h3 Bh5 7.O-O e5 8.e4 dxe4
9.dxe4 Bc5 10.Qe2 O-O 11.a4 a5 12.b3 Re8 13.Bb2 Qc7 14.Rfd1 Nf8 15.Qc4 N6d7
16.Nf1 Ne6 17.c3 f6 18.b4 Bf8 19.Ne3 Bf7 20.Qd3 Red8 21.Qb1 Nb6 22.Rxd8 Nxd8
23.Bc1 axb4 24.a5 Nc8 25.cxb4 Nd6 26.Bf1 Ne6 27.Qc2 Bh5 28.g4 Bf7 29.Bd2 h5
30.Nf5 hxg4 31.hxg4 g6 32.Ng3 g5 33.Nf5 Nxf5 34.exf5 Nd4 35.Nxd4 exd4 36.Bc4 Bd6
37.Re1 Kg7 38.Bxf7 Qxf7 39.Re6 Rd8 40.a6 d3 41.Qc3 bxa6 42.Bxg5 Bxb4 43.Qxb4 fxg5
44.Qd2 Rd7 45.Qxg5+ Kf8 46.Rxc6 Qg7 47.Rc8+ Kf7 48.Qh5+ Kf6 49.Rc6+ Ke7 50.f6+ Qxf6
51.Rxf6  1-0

[Event "11th Istanbul Open A"]
[Site "Istanbul TUR"]
[Date "2012.09.04"]
[Round "5"]
[White "Javakhadze,Z"]
[Black "Dzhumadullayev,K"]
[Result "1-0"]
[WhiteElo "2406"]
[BlackElo "2254"]

1.Nf3 d5 2.g3 Nf6 3.Bg2 Bf5 4.O-O e6 5.c4 c6 6.d3 dxc4 7.dxc4 Qxd1 8.Rxd1 h6
9.Be3 Nbd7 10.Nc3 Bc5 11.Bxc5 Nxc5 12.Nd4 Bg6 13.Nxc6 bxc6 14.Bxc6+ Ke7 15.Bxa8 Rxa8
16.b4 Nce4 17.Rac1 Nxc3 18.Rxc3 Rc8 19.Rdc1 Kd7 20.Ra3 Rc7 21.f3 Kc8 22.Rcc3 Nd7
23.c5 e5 24.Ra6 f6 25.Rca3 Kb8 26.Re6 Nf8 27.Rd6 Rd7 28.f4 Rxd6 29.cxd6 Nd7
30.Rc3 Bf5 31.Rc7 exf4 32.gxf4 g6 33.e4 Be6 34.h4 h5 35.a4 Nb6 36.Re7 Bg4
37.a5 Nc4 38.f5  1-0

[Event "11th Istanbul Open A"]
[Site "Istanbul TUR"]
[Date "2012.09.04"]
[Round "5"]
[White "Azaladze,S"]
[Black "Bakre,T"]
[Result "1-0"]
[WhiteElo "2466"]
[BlackElo "2477"]

1.Nf3 d5 2.g3 g6 3.c4 c6 4.cxd5 cxd5 5.d4 Nf6 6.Nc3 Bg7 7.Bg2 O-O 8.O-O Nc6
9.Ne5 Be6 10.Nxc6 bxc6 11.Bf4 Nd7 12.Qd2 Nb6 13.b3 Rc8 14.Rac1 Qd7 15.Bh6 Bh3
16.Rc2 Bf5 17.Bxg7 Kxg7 18.Rcc1 Qd6 19.f3 Rfd8 20.Nd1 f6 21.Qa5 Rc7 22.Nf2 e5
23.e4 Be6 24.dxe5 fxe5 25.Rfd1 Bf7 26.Bf1 Qe7 27.Rc2 h5 28.Rdc1 Rd6 29.Qc3 Rf6
30.Bg2 Rd7 31.Re1 Rfd6 32.Nd3 dxe4 33.Nxe5 Nd5 34.Qb2 Kh7 35.Nxd7 Qxd7 36.Rxe4 a5
37.Rd2 Be6 38.Re1 Bf5 39.f4 h4 40.Rde2 Qa7+ 41.Kh1 Rd7 42.Re8 Rg7 43.Bxd5  1-0

[Event "11th Istanbul Open A"]
[Site "Istanbul TUR"]
[Date "2012.09.04"]
[Round "5"]
[White "Harutjunyan,G"]
[Black "Grigoriev,A"]
[Result "1/2-1/2"]
[WhiteElo "2449"]
[BlackElo "2292"]

1.Nf3 d5 2.g3 Nf6 3.Bg2 c6 4.b3 Bg4 5.Bb2 Nbd7 6.d3 e6 7.Nbd2 Be7 8.O-O O-O
9.e4 a5 10.a3 b5 11.Qe1 Qb6 12.h3 Bxf3 13.Nxf3 h6 14.Kh1 Rac8 15.Nd2 dxe4
16.dxe4 e5 17.Nf3 Qc7 18.Nh4 Rfe8 19.f4 Bf8 20.Rd1 a4 21.bxa4 bxa4 22.Rd3 Nc5
23.Re3 Nfd7 24.Qf2 Ne6 25.Rc3 Qb6 26.Qxb6 Nxb6 27.fxe5 Ng5 28.Nf5 Rxe5 29.h4 Rb5
30.hxg5 Rxb2 31.gxh6 gxh6 32.e5 Re8 33.Re1 c5 34.Re4 Rb1+ 35.Kh2 Rd1 36.Rf3 Rd2
37.Rg4+ Kh8 38.Ne3 Rxe5 39.Rxf7 Rd8 40.Be4 Re7 41.Rxe7 Bxe7 42.Nf5 Bg5 43.Bd3 c4
44.Bxc4 Rd2+ 45.Kh3 Rxc2 46.Ba6 Rc5 47.Nd6 Kg7 48.Ne4 Ra5 49.Bd3 Nd7 50.Nxg5 hxg5
51.Rb4 Rd5 52.Be4 Re5 53.Rxa4 Nf6 54.Ra7+ Kh6 55.Bf3 Re3 56.Kg2 g4 57.Bd1 Ne4
58.Ra6+ Kg5 59.Ra5+ Kf6 60.Bc2  1/2-1/2

[Event "40th Olympiad Women"]
[Site "Istanbul TUR"]
[Date "2012.09.04"]
[Round "7.47"]
[White "Ptacnikova,L"]
[Black "Wang Chengjia"]
[Result "1-0"]
[WhiteElo "2281"]
[BlackElo "1988"]

1.Nf3 d5 2.g3 g6 3.Bg2 Bg7 4.d4 Nf6 5.c4 c6 6.cxd5 Nxd5 7.O-O O-O 8.e4 Nb6
9.h3 N8d7 10.Nc3 Nf6 11.b3 Bd7 12.Be3 Ne8 13.Rc1 Nc7 14.Qe2 f5 15.Ne5 Be6
16.Rfd1 fxe4 17.Nxe4 Ncd5 18.Bd2 a5 19.Nc5 Bc8 20.a3 Qc7 21.Qe1 Bf5 22.Bxa5 Rxa5
23.Qxa5 Bxe5 24.dxe5 Qxe5 25.Nxb7 Be4 26.Qe1 Qc7 27.Qxe4 Qxb7 28.Qe6+ Kh8
29.Rxc6 Rf6 30.Rxb6 Qxb6 31.Qxd5 Qxf2+ 32.Kh2  1-0

[Event "40th Olympiad Open"]
[Site "Istanbul TUR"]
[Date "2012.09.04"]
[Round "7.58"]
[White "Marko,H"]
[Black "Rodgaard,J"]
[Result "0-1"]
[WhiteElo "2014"]
[BlackElo "2354"]

1.Nf3 d5 2.g3 g6 3.Bg2 Bg7 4.O-O e5 5.d3 Nc6 6.Nbd2 Nge7 7.e4 O-O 8.c3 a5
9.a4 h6 10.Qc2 Be6 11.Nh4 g5 12.Nhf3 Qd7 13.h4 g4 14.Nh2 f5 15.Nb3 b6 16.f3 gxf3
17.Bxf3 Rad8 18.Nd2 fxe4 19.dxe4 d4 20.Qd1 Kh7 21.Qe2 dxc3 22.bxc3 Qd3 23.Ra3 Ng8
24.Qxd3 Rxd3 25.Kg2 Rfd8 26.Nb1 R3d6 27.Rf2 Bc4 28.Nd2 Bd3 29.Ng4 Bf8 30.Be2 Bxe2
31.Ra2 Bxg4 32.Rf7+ Bg7 33.Rxc7 Nce7  0-1

[Event "40th Olympiad Open"]
[Site "Istanbul TUR"]
[Date "2012.09.04"]
[Round "7.7"]
[White "Nakamura,Hi"]
[Black "Solak,D"]
[Result "1-0"]
[WhiteElo "2778"]
[BlackElo "2599"]

1.g3 d5 2.Nf3 Nf6 3.Bg2 c6 4.d3 Bf5 5.O-O e6 6.Nh4 Bg6 7.Nxg6 hxg6 8.Nd2 Nbd7
9.e4 dxe4 10.dxe4 e5 11.Qe2 Bc5 12.Nf3 Qc7 13.h4 O-O 14.Bh3 Rfe8 15.Kg2 Nf8
16.Ng5 Rad8 17.a3 Qe7 18.Bd2 N8h7 19.Rae1 Nxg5 20.Bxg5 Qc7 21.h5 gxh5 22.Bxf6 gxf6
23.Bf5 Kf8 24.Rh1 Ke7 25.Rxh5 Rh8 26.g4 Rdg8 27.Kf3 Rd8 28.Reh1 Rhf8 29.Rh7 Qa5
30.Qc4 Qb5 31.Qe6+  1-0

[Event "40th Olympiad Open"]
[Site "Istanbul TUR"]
[Date "2012.09.05"]
[Round "8.24"]
[White "Drasko,M"]
[Black "Nezad,H"]
[Result "0-1"]
[WhiteElo "2479"]
[BlackElo "2393"]

1.Nf3 d5 2.g3 Nf6 3.Bg2 c6 4.O-O Bf5 5.d3 h6 6.c4 dxc4 7.Ne5 Nbd7 8.Nxc4 e5
9.b4 Qc7 10.a3 Be7 11.Bb2 O-O 12.Nbd2 Rfe8 13.Rc1 Rad8 14.b5 c5 15.e4 Bg4
16.f3 Be6 17.Qe2 Bf8 18.f4 exf4 19.gxf4 Nh7 20.Qf3 Nb6 21.Rc2 f6 22.Rb1 Rd7
23.Bf1 Red8 24.Bc3 Na4 25.Ba1 Nb6 26.Nxb6 axb6 27.Nc4 Kh8 28.e5 f5 29.h4 Be7
30.h5 Rd4 31.Bxd4 Rxd4 32.Bg2 Bd5 33.Qxd5 Rxd5 34.Bxd5 Qd8 35.Ne3 Nf8 36.Rg2 c4
37.d4 Bxa3 38.Rc2 g5 39.hxg6 Nxg6 40.Rxc4 Nxf4 41.Bf3 Qg5+ 42.Ng2 Qg3 43.Rf1 Bb2
44.Bxb7 Ne2+  0-1

[Event "40th Olympiad Open"]
[Site "Istanbul TUR"]
[Date "2012.09.05"]
[Round "8.35"]
[White "Leiva,G"]
[Black "Gretarsson,Hj"]
[Result "1/2-1/2"]
[WhiteElo "2283"]
[BlackElo "2506"]

1.Nf3 d5 2.g3 c6 3.Bg2 Bg4 4.c4 e6 5.cxd5 exd5 6.O-O Nd7 7.Nc3 Ngf6 8.d4 Bd6
9.Qc2 O-O 10.Nh4 Re8 11.Re1 Nf8 12.Be3 Bh5 13.Rad1 Ng4 14.Qb3 Nxe3 15.fxe3 Qb6
16.Bf3 Qxb3 17.axb3 Bg6 18.Nxg6 hxg6 19.e4 dxe4 20.Bxe4 Bb4 21.Bf3 Re3 22.d5 Bxc3
23.bxc3 Rxc3 24.dxc6 bxc6 25.Rc1 Rxb3 26.Rxc6 Re8 27.Ra1 Ne6 28.Bd5 Re3 29.Rxa7 Rxe2
30.Bxe6 R2xe6 31.Rxe6 Rxe6 32.Kf2 Rb6 33.h4 f6 34.Rc7 Kh7 35.Rc8 Rb5 36.Kf3 g5
37.hxg5 Rxg5 38.g4 Ra5 39.Rc3 Kh6 40.Kg3 Kg6 41.Rb3 Re5 42.Rb7 Re4 43.Ra7 Re3+
44.Kf4 Rh3 45.Rb7 Kh6 46.g5+ fxg5+ 47.Kg4 Rh4+ 48.Kg3 Re4 49.Rb8 Kg6 50.Ra8 g4
51.Ra6+ Kh5 52.Ra5+ g5 53.Ra3 Rf4 54.Ra8 Rf3+ 55.Kg2 Rd3 56.Rh8+ Kg6 57.Rg8+ Kf6
58.Rf8+ Kg7 59.Ra8 Rf3 60.Rb8 Re3 61.Rb4 g3 62.Rg4 Kf6 63.Rxg3 Re2+ 64.Kh3  1/2-1/2

[Event "11th Kesarovski-Stanchev Mem"]
[Site "Sunny Beach BUL"]
[Date "2012.09.05"]
[Round "5.42"]
[White "Hrbolka,L sr"]
[Black "Malinovsky,P"]
[Result "1/2-1/2"]
[WhiteElo "2143"]
[BlackElo "1986"]

1.Nf3 d5 2.g3 c5 3.Bg2 Nc6 4.d4 Nf6 5.O-O e6 6.b3 Be7 7.Bb2 O-O 8.Nbd2 b6
9.c4 Bb7 10.cxd5 exd5 11.dxc5 bxc5 12.Qc2 Nb4 13.Qc1 d4 14.a3 Nbd5 15.Nc4 Rb8
16.e3 dxe3 17.fxe3 Ba8 18.Qc2 Nb6 19.Rad1 Qe8 20.Ng5 h6 21.Bxa8  1/2-1/2

[Event "40th Olympiad Open"]
[Site "Istanbul TUR"]
[Date "2012.09.06"]
[Round "9.28"]
[White "Pelletier,Y"]
[Black "Matamoros Franco,C"]
[Result "1-0"]
[WhiteElo "2595"]
[BlackElo "2548"]

1.Nf3 d5 2.g3 Bg4 3.Bg2 c6 4.c4 e6 5.O-O Nf6 6.d3 Be7 7.Be3 Bxf3 8.Bxf3 d4
9.Bd2 Nbd7 10.b4 h5 11.h3 Qc7 12.Bg2 Ne5 13.Qc1 Ng6 14.Na3 Rd8 15.Nc2 h4
16.g4 e5 17.Qa3 O-O 18.Rad1 c5 19.bxc5 Bxc5 20.Qb3 b6 21.Nb4 Nf4 22.Bxf4 exf4
23.Na6 Qe7 24.Nxc5 bxc5 25.Rb1 Rd7 26.Rb2 Nh7 27.Rfb1 Ng5 28.Qd1 Rc8 29.Kh2 Qe5
30.Bf3 g6 31.Kg2 Nxf3 32.exf3 Re8 33.Rb7 Rxb7 34.Rxb7 Re7 35.Qb3 Kg7 36.a4 Rxb7
37.Qxb7 a5 38.Qb6 Qe2 39.Qxa5 Qxd3 40.Qxc5 Qd1 41.a5 d3 42.Qd4+ f6 43.a6 d2
44.Qd7+ Kh6 45.a7 Qe1 46.a8=Q d1=Q 47.Qh8+ Kg5 48.Qf5+ gxf5 49.Qh5+  1-0

[Event "40th Olympiad Open"]
[Site "Istanbul TUR"]
[Date "2012.09.06"]
[Round "9.9"]
[White "Harikrishna,P"]
[Black "Gagunashvili,M"]
[Result "1/2-1/2"]
[WhiteElo "2685"]
[BlackElo "2578"]

1.Nf3 d5 2.g3 g6 3.Bg2 Bg7 4.O-O Nf6 5.d3 O-O 6.Nbd2 Nc6 7.e4 e5 8.Re1 Re8
9.c3 a5 10.b3 h6 11.Bb2 Be6 12.a3 dxe4 13.dxe4 Nd7 14.b4 Nb6 15.Bf1 axb4
16.axb4 Qe7 17.Qc2 Reb8 18.h3 Qf8 19.Nb3 Nc4 20.Nc5 Qc8 21.Rxa8 Rxa8 22.Ra1 Rxa1
23.Bxa1 Nd6 24.Nxe6 Qxe6 25.Kg2 b5 26.Nd2 Nb8 27.c4 bxc4 28.Nxc4 Nc6 29.Ne3 Nxb4
30.Qxc7 Ne8 31.Qb7 Bf8 32.Bc4 Qe7 33.Qb6 Kh7 34.Bc3 h5 35.h4 Ng7 36.Bxb4 Qxb4
37.Qxb4 Bxb4 38.Bxf7 Kh6 39.Nd5 Bd2 40.Kh3 g5 41.Nb6 Be1 42.Kg2 Ba5 43.Nc4 Bc7
44.Nd2 gxh4 45.gxh4 Bd8 46.Nf3 Bc7 47.Kf1 Bd6 48.Ke2 Bc7 49.Ne1 Bd8 50.Ng2 Bb6
51.f3 Bd8 52.Kd3 Be7 53.Kc4 Bxh4 54.Nxh4 Kg5 55.Kd5 Kxh4 56.Kxe5 Kg3 57.f4 h4
58.f5 h3 59.f6 Nh5 60.Bxh5 h2 61.Bf3 Kxf3 62.f7 h1=Q 63.f8=Q+ Ke2 64.Qa8 Kf3
65.Kd5 Qd1+ 66.Ke6 Ke3 67.e5 Qg4+ 68.Kd6 Qb4+ 69.Kd7 Qd4+ 70.Ke6 Qg4+ 71.Ke7 Qb4+
72.Kf7 Qf4+ 73.Ke6 Kd4  1/2-1/2

[Event "40th Olympiad Open"]
[Site "Istanbul TUR"]
[Date "2012.09.06"]
[Round "9.45"]
[White "Valdes,Le"]
[Black "Shaw,J"]
[Result "0-1"]
[WhiteElo "2366"]
[BlackElo "2424"]

1.Nf3 d5 2.g3 Bg4 3.Bg2 c6 4.c4 e6 5.O-O Nf6 6.d4 Nbd7 7.Nbd2 Be7 8.b3 Bh5
9.Bb2 a5 10.a3 O-O 11.Re1 Qb6 12.e4 dxe4 13.Nxe4 Nxe4 14.Rxe4 Rfd8 15.Re3 Bf6
16.Qc1 Bxf3 17.c5 Qc7 18.Rxf3 Be7 19.Qe1 Nf6 20.Rc1 Nd5 21.Rc4 Ra7 22.Bf1 Bf8
23.Bd3 g6 24.h4 h5 25.Rc2 Qd7 26.Rc4 Bg7 27.Bb1 Re8 28.Rd3 Bf6 29.Rd2 Kg7
30.Re2 Rd8 31.Re4 Qc7 32.Qd2 Raa8 33.Bc1 Rh8 34.Qc2 Ne7 35.Bd2 Nf5 36.Bc3 Rhd8
37.Qb2 Rd5 38.Re2 Rad8 39.Rd2 Nxg3 40.fxg3 Qxg3+ 41.Rg2 Qxh4 42.Qc2 Rxd4
43.Rxd4 Bxd4+ 44.Bxd4+ Qxd4+ 45.Kh2 Qh4+ 46.Kg1 Qe1+ 47.Kh2 Rd1 48.Rxg6+ Kf8
49.Rg8+ Kxg8 50.Qh7+ Kf8 51.Qh6+ Ke8  0-1

[Event "9th LGA Premium Cup"]
[Site "Nuernberg GER"]
[Date "2012.09.06"]
[Round "1.85"]
[White "Welz,Tho"]
[Black "Diener,Carolin Valeria"]
[Result "1-0"]
[WhiteElo "2204"]
[BlackElo "1710"]

1.Nf3 d5 2.g3 Nf6 3.Bg2 e6 4.O-O Be7 5.d3 O-O 6.Nbd2 c5 7.e4 Nc6 8.c3 Qc7
9.Re1 Rd8 10.Qc2 Bd6 11.a3 Rb8 12.b4 cxb4 13.cxb4 dxe4 14.dxe4 Ne5 15.Qb1 b6
16.Bb2 Bb7 17.Rc1 Nxf3+ 18.Bxf3 Qe7 19.Nc4 Ne8 20.Bg2 Qd7 21.Ne5 Bxe5 22.Bxe5 Rbc8
23.Qb2 Qe7 24.Rxc8 Rxc8 25.Rd1 h6 26.Qd2 Bc6 27.Rc1 Qb7 28.f3 Qa8 29.Bf1 Rd8
30.Qc2 Bb7 31.Bb5 Rc8 32.Qb2 Rxc1+ 33.Qxc1 a6 34.Ba4 b5 35.Bb3 Qc8 36.Qc5 Qxc5+
37.bxc5 Bc6 38.Kf2 Nf6 39.Bd6 Nd7 40.Ke3 Kh7 41.Kd4 Kg6 42.Be7 Kh7 43.Bd6 Kg6
44.Bc2 f5 45.exf5+ exf5 46.g4 Kf7 47.Bxf5 Nf6 48.f4 g6 49.Bc8 a5 50.Bc7 a4
51.Ke5 b4 52.Be6+ Ke8 53.Kxf6 b3 54.Be5 Be4 55.Bf7+ Kd7 56.Bxg6 Bxg6 57.Kxg6 Kc6
58.Kxh6  1-0

[Event "40th Olympiad Women"]
[Site "Istanbul TUR"]
[Date "2012.09.07"]
[Round "10.11"]
[White "Foisor,C"]
[Black "Peng Zhaoqin"]
[Result "1-0"]
[WhiteElo "2402"]
[BlackElo "2411"]

1.Nf3 d5 2.g3 c5 3.Bg2 Nc6 4.d4 cxd4 5.Nxd4 Qb6 6.Nb3 Nf6 7.O-O e6 8.a4 Bd7
9.Nc3 Bb4 10.Be3 Qd8 11.Bc5 Bxc3 12.bxc3 Rc8 13.a5 b6 14.axb6 axb6 15.Bd6 Ne7
16.Be5 O-O 17.Qd2 Ng6 18.Bd6 Re8 19.f4 Bb5 20.Bb4 Ne7 21.Nd4 Bc4 22.Ra7 Nc6
23.Nxc6 Rxc6 24.Rfa1 Rc7 25.Bf3 Rxa7 26.Rxa7 Qb8 27.Ra1 e5 28.e3 h5 29.Re1 Qc7
30.Ra1 Ng4 31.Re1 Nf6 32.Ra1 h4 33.Re1 h3 34.Ra1 Qb8 35.Re1 Qc7 36.Ra1 Kh7
37.Re1 Ra8 38.g4 e4 39.Bd1 Qd7 40.f5 Ra1 41.Qf2 Kg8 42.Qg3 Rb1 43.g5 Ne8
44.Bg4 Rxe1+ 45.Qxe1 g6 46.Qg3 gxf5 47.Bxh3 Ng7 48.Qb8+ Kh7 49.Qe5 Kg8 50.Qb8+ Kh7
51.Bf8 Qe6 52.Qf4 b5 53.Kf2 Qg6 54.Bxg7 Kxg7 55.Qxf5 Qh5 56.Qg4 Kg6 57.Qxh5+ Kxh5
58.Kg3 Kxg5 59.Bd7 Be2 60.h4+ Kf6 61.Kf4 Bd1 62.Bxb5 Bxc2 63.Be8 Bd1 64.Bc6 Bb3
65.h5 Bc4 66.Be8 Bb3 67.h6 Kg6 68.Ke5 Ba2 69.Kd4 Bc4 70.h7 Kxh7 71.Bxf7 Kg7
72.Bxd5 Ba6 73.Bxe4 Kf6 74.Bd5 Bc8 75.c4 Bf5 76.e4 Bd7 77.e5+ Ke7 78.Kc5  1-0

[Event "40th Olympiad Open"]
[Site "Istanbul TUR"]
[Date "2012.09.07"]
[Round "10.26"]
[White "Gemy,J"]
[Black "Kobese,W"]
[Result "1/2-1/2"]
[WhiteElo "2345"]
[BlackElo "2363"]

1.Nf3 d5 2.g3 Nc6 3.d4 Bf5 4.Bg2 Nb4 5.Na3 e6 6.O-O Be7 7.c3 Na6 8.Nc2 Nf6
9.Ne5 h6 10.Ne3 Bh7 11.b4 O-O 12.Qb3 c6 13.Rd1 Nc7 14.a4 Ne4 15.c4 dxc4 16.N3xc4 Nd5
17.Ba3 Ndc3 18.Bxe4 Nxe4 19.f3 Nd6 20.b5 cxb5 21.axb5 Nxc4 22.Nxc4 Bxa3 23.Rxa3 a6
24.b6 Rc8 25.Ra5 Qe7 26.Kf2 Rfd8 27.d5 e5 28.e4 f5 29.exf5 Bxf5 30.Ne3 Qf7
31.Qa2 Bd7 32.d6 Qxa2+ 33.Rxa2 Be6 34.Ra5 Rc6 35.Rxe5 Rdxd6 36.Re1 Rxb6 37.Re2 Bf7
38.f4 Re6 39.Rc5 Rbc6 40.Ra5 Re7 41.Rd2 Rcc7 42.Rd8+ Re8 43.Rd2 Rec8 44.Rb2 Rd8
45.g4 Rcd7 46.Ke2 Re7 47.Kf2 Be8 48.Ra3 Bc6 49.h4 Re4 50.Kg3 Red4 51.Rbb3 Bb5
52.h5 Rd3 53.Kf2 Rd2+ 54.Kf3 Be2+ 55.Kg3 R8d3 56.Rc3 Kh7 57.g5 hxg5 58.fxg5 Rxc3
59.Rxc3 Bxh5 60.Rc7 Rd3 61.Kf4 Bg6 62.Rxb7 Rd4+ 63.Kg3 a5 64.Ra7 a4 65.Ng4 Bf5
66.Ne5 Re4 67.Ra5 Bg6 68.Kf3 Rb4 69.Ke2 Be8 70.Kd2 Rb5 71.Rxb5 Bxb5 72.Kc3 Kg8
73.Kb4 Be8 74.Nd3 Kf7 75.Nf4 Ke7 76.g6 Bxg6 77.Nxg6+ Kf6 78.Nf4 g5 79.Nh3 Ke5  1/2-1/2

[Event "40th Olympiad Open"]
[Site "Istanbul TUR"]
[Date "2012.09.07"]
[Round "10.19"]
[White "Bogdanovski,V"]
[Black "Michalik,P"]
[Result "1/2-1/2"]
[WhiteElo "2448"]
[BlackElo "2508"]

1.Nf3 d5 2.g3 c6 3.Bg2 Bg4 4.O-O e6 5.d4 Nd7 6.Nbd2 Ngf6 7.Re1 Be7 8.e4 dxe4
9.Nxe4 O-O 10.c3 Nxe4 11.Rxe4 Bxf3 12.Bxf3 Bg5 13.Bxg5 Qxg5 14.Qb3 Rab8 15.a4 a5
16.c4 Qd8 17.Rd1 Qb6 18.Qc3 h6 19.Re3 Rfd8 20.h4 Rbc8 21.Kg2 Qc7 22.Qe1 Nf6
23.Re5 b6 24.Qc3 c5 25.d5 exd5 26.Bxd5 Re8 27.Rf5 Qe7 28.Qf3 Rcd8 29.Rd3 Rd6
30.Qf4 Red8 31.b3 R8d7 32.Re3 Qd8 33.Rfe5 Qf8 34.h5 Rxd5 35.cxd5 Nxd5 36.Qe4 Nxe3+
37.fxe3 Rd8 38.Re7 Rb8 39.Kf3 Qd8 40.Ke2 Qd6 41.Re8+ Rxe8 42.Qxe8+ Qf8 43.Qd7 Qb8
44.g4 Qa8 45.Kd3 Qa6+ 46.Ke4 Qa8+  1/2-1/2

[Event "40th Olympiad Open"]
[Site "Istanbul TUR"]
[Date "2012.09.07"]
[Round "10.7"]
[White "Teterev,V"]
[Black "Fridman,D"]
[Result "1/2-1/2"]
[WhiteElo "2528"]
[BlackElo "2653"]

1.Nf3 d5 2.g3 g6 3.Bg2 Bg7 4.d4 Nf6 5.c4 dxc4 6.Na3 c3 7.bxc3 O-O 8.O-O c5
9.e3 Nc6 10.Qe2 Bf5 11.Bb2 Qb6 12.Rfd1 Rfd8 13.Nc4 Qa6 14.Bf1 Qa4 15.Ncd2 Ne4
16.Nxe4 Bxe4 17.Ng5 Bc2 18.Rdc1 Bf5 19.g4 Bd7 20.Ne4 b6 21.f3 Rac8 22.Qc4 Na5
23.Qxa4 Bxa4 24.Rab1 Bc6 25.Ba3 Bf8 26.Ba6 Bb7 27.Bxb7 Nxb7 28.dxc5 e6 29.Rd1 Rxd1+
30.Rxd1 Nxc5 31.Bxc5 Bxc5 32.Kf2 f5 33.Nxc5 Rxc5 34.Rd8+ Kf7 35.Rd7+ Kf6
36.Rxa7 fxg4 37.fxg4 h5 38.gxh5 Rxh5 39.Kg3 Rg5+ 40.Kf3 Rh5 41.Kg3 Rg5+ 42.Kf4 Rh5
43.Kg3 Ke5  1/2-1/2

[Event "9th LGA Premium Cup"]
[Site "Nuernberg GER"]
[Date "2012.09.07"]
[Round "2.87"]
[White "Fiedler,W1"]
[Black "Siegl,Adrian"]
[Result "1-0"]
[WhiteElo "2016"]
[BlackElo "1697"]

1.Nf3 d5 2.g3 Bf5 3.Bg2 e6 4.d3 Nf6 5.c3 Be7 6.Qb3 b6 7.Nbd2 O-O 8.h3 c5
9.Nh4 Bg6 10.Nxg6 hxg6 11.O-O Nc6 12.e4 dxe4 13.dxe4 e5 14.Nc4 Qc7 15.Ne3 Rad8
16.Nd5 Nxd5 17.exd5 Nb8 18.c4 Nd7 19.a4 Bd6 20.Bd2 Rb8 21.Qc2 Nf6 22.Bf3 Rfe8
23.Kg2 a6 24.Be2 a5 25.Rae1 Qd7 26.Be3 Re7 27.Rh1 Qf5 28.Bd3 e4 29.Be2 g5
30.Qd1 Ra8 31.Qc1 g4 32.Qd1 gxh3+ 33.Rxh3 Nh7 34.Reh1 Qg6 35.Rxh7 Qxh7 36.Rxh7 Kxh7
37.Qh1+ Kg8 38.b3 Rd7 39.Qh3 Re7 40.Bg4 Rd8 41.Bg5 f6 42.Bf5 fxg5 43.Be6+ Rxe6
44.Qxe6+ Kh8 45.Qxe4 Rf8 46.Qg6 Rf6 47.Qxg5 Kg8 48.f4 Kh7 49.Kf3 Kg8 50.Ke4 Kf7
51.Qh5+ Ke7 52.Qg5 Kf7 53.f5 Kf8 54.g4 Kg8 55.Qh5 Rf7 56.g5 Re7+ 57.Kf3  1-0

[Event "9th LGA Premium Cup"]
[Site "Nuernberg GER"]
[Date "2012.09.07"]
[Round "3.35"]
[White "Espig,L"]
[Black "Zier,O"]
[Result "0-1"]
[WhiteElo "2329"]
[BlackElo "2154"]

1.Nf3 d5 2.g3 Nf6 3.Bg2 e6 4.O-O Be7 5.b3 O-O 6.Bb2 c5 7.c4 b6 8.e3 Bb7 9.Nc3 Nc6
10.cxd5 Nxd5 11.Nxd5 Qxd5 12.d4 Na5 13.e4 Qh5 14.dxc5 Bxc5 15.b4 Rfd8 16.Qb1 Bxb4
17.Bxg7 Kxg7 18.Qxb4 Rac8 19.Rac1 Qh6 20.Qb2+ Qf6 21.e5 Qf5 22.Nd4 Qg4 23.Rxc8 Rxc8
24.Bxb7 Nxb7 25.f4 Rd8 26.Nc6 Rd1 27.Nxa7 Rxf1+ 28.Kxf1 Qf3+ 29.Kg1 Nc5 30.Nb5 Qd1+
31.Kg2 Qd5+ 32.Kh3 Nd3 33.Qb3 Nf2+ 34.Kh4 Qg2  0-1

[Event "9th LGA Premium Cup"]
[Site "Nuernberg GER"]
[Date "2012.09.07"]
[Round "4.15"]
[White "Gutman,L"]
[Black "Hoefelsauer,T"]
[Result "1-0"]
[WhiteElo "2477"]
[BlackElo "2217"]

1.Nf3 d5 2.g3 c6 3.Bg2 Bf5 4.O-O Nf6 5.d3 e6 6.Be3 h6 7.c4 Nbd7 8.Qb3 Qc7
9.Nc3 Nc5 10.Bxc5 Bxc5 11.cxd5 exd5 12.Rac1 Qe7 13.e4 dxe4 14.Nxe4 Bb6 15.Nxf6+ Qxf6
16.Rfe1+ Be6 17.Qb4 O-O-O 18.d4 Bd5 19.Bh3+ Kb8 20.Ne5 Kc7 21.a4 a5 22.Qc3 Rhe8
23.b4 axb4 24.Qxb4 Qd6 25.Qc3 f6 26.a5 Ba7 27.Nd3 Be4 28.Nc5 Bxc5 29.dxc5 Qd3
30.Qb4 Rd4 31.Qb6+ Kb8 32.Rb1 Re7 33.Bg2 Rdd7 34.Bxe4 Rxe4 35.a6 Re2 36.axb7  1-0

[Event "9th LGA Premium Cup"]
[Site "Nuernberg GER"]
[Date "2012.09.07"]
[Round "4.84"]
[White "Felser,M"]
[Black "Adler,Her"]
[Result "0-1"]
[WhiteElo "1869"]
[BlackElo "2011"]

1.Nf3 d5 2.g3 Nf6 3.Bg2 g6 4.O-O Bg7 5.c4 c6 6.d4 O-O 7.Nc3 Bf5 8.h3 Ne4
9.Nh4 Nxc3 10.bxc3 Be6 11.cxd5 cxd5 12.Qb3 Qd7 13.Rb1 b6 14.Kh2 Nc6 15.Bf4 f6
16.Nf3 Na5 17.Qb5 Rfd8 18.h4 Rac8 19.Rfc1 Bf5 20.Qxd7 Rxd7 21.Bh3 Bxh3 22.Kxh3 Nc4
23.Nd2 Nxd2 24.Bxd2 Rc4 25.Rb4 Rdc7 26.Rxc4 Rxc4 27.Rb1 Ra4 28.Rb2 Kf7 29.f3 e5
30.e3 Ke6 31.g4 Bf8 32.Be1 Ba3 33.Rc2 Rc4 34.Re2 b5 35.Kg3 Bd6 36.Kf2 h5
37.Rb2 a6 38.Ke2 e4 39.gxh5 gxh5 40.fxe4 dxe4 41.Kd1 Kf5 42.Rf2+ Kg6 43.Rg2+ Kf7
44.Kc2 Rc8 45.Kb3 a5 46.Rc2 a4+ 47.Kb2 Rg8 48.c4 bxc4 49.Rxc4 Rg2+ 50.Rc2 Rxc2+
51.Kxc2 Ke6 52.Kc3 Kd5 53.Bf2 f5 54.Be1 f4 55.exf4 Bxf4 56.Bf2 e3 57.Be1 Ke4
58.Kc4 e2 59.d5 Bd6 60.Kb5 Kxd5 61.Kxa4 Ke4 62.Kb5 Kf3 63.a4 Bg3  0-1

[Event "3rd Oliver Gonzalez Mem Open A"]
[Site "Madrid ESP"]
[Date "2012.09.08"]
[Round "8.34"]
[White "Ananian,A"]
[Black "Barez Menendez,H"]
[Result "1/2-1/2"]
[WhiteElo "1866"]
[BlackElo "2167"]

1.Nf3 d5 2.g3 e6 3.Bg2 Nf6 4.O-O Be7 5.d3 O-O 6.Nbd2 c5 7.e4 Nc6 8.c3 b5
9.Ne1 a5 10.f4 Ba6 11.g4 dxe4 12.Nxe4 Rc8 13.Nxf6+ Bxf6 14.g5 Be7 15.Qh5 g6
16.Qh6 f5 17.Rf3 Rf7 18.Be3 Bd6 19.Rh3 Qc7 20.Nf3 Ne7 21.Qh4 Nd5 22.Ne5 Bxe5
23.Bxd5 exd5 24.fxe5 Qxe5 25.Bf4 Qe2 26.Re3 Qg4+ 27.Qxg4 fxg4 28.Be5 Rf3
29.Rae1 Rxe3 30.Rxe3 Re8 31.Kf2 Kf7 32.Bd6 c4 33.Rxe8 Kxe8 34.dxc4 dxc4 35.Bc7 a4
36.Kg3 Bc8 37.Kf4 Kd7 38.Be5  1/2-1/2